Statistiques concernant Nommez ces instruments de musique

Cliquez ici pour prendre le quiz!

Statistiques générales

  • Ce quiz a été pris 20 352 fois
  • Le résultat moyen est 13 sur 20

Statistiques - réponses

Réponse% Correct
Guitare
99%
Violon
99%
Harpe
96%
Accordéon
93%
Harmonica
91%
Saxophone
91%
Maracas
90%
Cornemuse
85%
Trombone
79%
Clarinette
77%
Flûte de Pan
73%
Gong
69%
Banjo
62%
Cor d'harmonie
56%
Tuba
56%
Luth
29%
Timbale
24%
Sitar
21%
Cor des Alpes
15%
Steel-drum
7%

Distribution des résultats

Percentile par nombre de réponses

% des personnes avec chaque résultat

Votre développement - résultats

Vous n’avez pas pris ce quiz